3 Letter Codes Europa (einfach) - Statistiken

Allgemein
  • Dieses Quiz wurde 866 mal gespielt
  • Das Durchschnittsergebnis liegt bei 21 aus 40
Antwortstatistiken
Hauptstadt 3 LC % Korrekt
Amsterdam AMS
87%
Dublin DUB
86%
Lissabon LIS
84%
Luxemburg LUX
84%
London LON
83%
Madrid MAD
83%
Brüssel BRU
81%
Oslo OSL
77%
Wien VIE
77%
Athen ATH
76%
Helsinki HEL
74%
Paris CDG
72%
Prag PRG
70%
Budapest BUD
69%
Rom ROM
63%
Schweiz (Zürich) ZRH
60%
Sofia SOF
57%
Zagreb ZAG
57%
Kopenhagen CPH
54%
Belgrad BEG
52%
Ljubljana LJU
51%
Berlin TXL
51%
Warschau WAW
48%
Tirana TIA
41%
Skopje SKP
39%
Tallinn TLL
39%
Moskau MOW
35%
Stockholm ARN
34%
Bukarest Otopeni OTP
32%
Bratislava BTS
31%
Reykjavik KEF
31%
Riga RIX
29%
Malta (Luqa) MLA
28%
Larnaka LCA
26%
Misnk MSQ
21%
Sarajevo SJJ
21%
Vilnius VNO
21%
Kiew KBP
16%
Chisinau KIV
14%
Podgorica TGD
14%
Keine übereinstimmenden Quizze gefunden
Verteilung der Resultate
Anzahl Personen mit jedem Resultat
Perzentil nach korrekt beantworteten Fragen
Ihre Resultats-Entwicklung
Sie haben dieses Quiz noch nicht gespielt